Представление документа в формате MARC21

Поле Инд. ПП Название Значение
Тип записи a
Библиографический уровень m
001 Контрольный номер 658c03c3-76e8-4f24-b82b-9100876c143d
005 Дата корректировки 20140227035624.5
008 Кодируемые данные 060112
020 a ISBN 0-8218-780-3
040 a Служба первич. каталог. НБ ТвГУ
041 a Код языка текста eng
080 a Индекс УДК 517
084 a Индекс другой классификации/Индекс ББК В161
090 x Авторский знак K83
a Полочн. индекс В161
100 1_ a Автор Kriegl Andreas
245 00 a Заглавие The convenient setting of global analysis
c Ответственность Andreas Krigl, Peter W. Michor
260 0_ a Место издания Providence, R. I.
c Дата издания 1995
b Издательство American Mathematical Society
300 a Объем 618 p.
440 a Серия Mathematical surveys and monoraphs
490 _0 x ISSN серии 0076-5376
v N тома v. 53
650 a Основная рубрика Математический анализ
653 a Ключевые слова Глобальный анализ
a Ключевые слова Математический анализ
700 1_ a Другие авторы Michor Peter W.
e Роль лиц aut.
863 t новая
t иностр
t англ
t полный текст
954 a Дата поступления на обработку 20060418